header

Faith and race in American political life (Record no. 218226)

MARC details
000 -LEADER
fixed length control field 01607nam a2200385Ia 4500
082 04 - DEWEY DECIMAL CLASSIFICATION NUMBER
Classification number 305.800973
245 00 - TITLE STATEMENT
Title Faith and race in American political life
260 ## - PUBLICATION, DISTRIBUTION, ETC. (IMPRINT)
Place of publication Charlottesville ;
-- London :
Name of publisher University of Virginia Press,
Year of publication 2012.
300 ## - PHYSICAL DESCRIPTION
Number of Pages vi, 320 p. :
Other physical details ill.
490 0# - SERIES STATEMENT
Series statement Race, ethnicity, and politics
650 #0 - SUBJECT ADDED ENTRY--TOPICAL TERM
Topical Term Race
Topical Term Religion and politics
Topical Term Minorities
700 1# - ADDED ENTRY--PERSONAL NAME
Personal name Jacobson, Robin Dale.
Personal name Wadsworth, Nancy D.,
856 40 - ELECTRONIC LOCATION AND ACCESS
Uniform Resource Identifier http://site.ebrary.com/lib/rucke/Doc?id=10594485

No items available.

© 2026 Rongo University
Contact us: librarian | system librarian | Rongo university